000 00901cam a2200253Ii 4500
005 20151027115145.0
008 15 s2015 xxua fr 000 0 eng d
020 _a9780615945033 (volumen 1)
020 _a0615945031
035 _a(OCoLC)898185507
040 _aCo-BoUCM
_bspa
_cSaul Niño
_dSaul Niño
041 0 _aeng
100 1 _aEldridge, Joshua P.
_972904
245 1 0 _aBook on injuries
_cDr. Joshua P. Eldridge
260 _aLexington (Kentucky, Estados Unidos)
_bGymnast Care
_c2015
300 _a105 páginas
_bilustraciones
505 _aAt home and in the gym treatment of the most common gymnastics injuries
_gVol. 1
650 0 _aGimnasia
_xHeridas, lesiones, etc.
_916433
650 0 _aEntrenamiento atlético
_914624
650 0 _aDeportistas
_97493
690 _942762
_aDeportes
942 _2DEWEY
_a11
_cLIBRO
_e1
_h796.44
_mE378bo
999 _c301637
_d301637